[Event "KUW-ch First Stage"]
[Site "Kuwait"]
[Date "2017.12.15"]
[Round "6.5"]
[White "Huwaidi, Fahad"]
[Black "Al Azmi, Nawaf"]
[Result "1/2-1/2"]
[WhiteElo "1531"]
[BlackElo "1672"]
[PlyCount "133"]
[EventDate "2017.12.09"]
[EventType "swiss"]
[EventRounds "9"]
[EventCountry "KUW"]
[SourceTitle "EXT 2024"]
[Source "ChessBase"]
[SourceDate "2023.10.10"]
[SourceVersion "1"]
[SourceVersionDate "2023.10.10"]
[SourceQuality "1"]

1. d4 Nf6 2. c4 e6 3. a3 d5 4. e3 c6 5. Nc3 Nbd7 6. Nf3 Be7 7. Bd3 dxc4 8. Bxc4 b5 9. Bd3 a6 10. 0-0 Bb7 11. Re1 c5 12. h3 0-0 13. Ne5 Nxe5 14. dxe5 Nd5 15. Ne4 Qc7 16. Nd6 Bxd6 17. exd6 Qc6 18. e4 Nf6 19. Bf4 Nd7 20. Qg4 f5 21. Qg3 Rf6 22. f3 Rg6 23. Qf2 Rf8 24. e5 Qxf3 25. Qxf3 Bxf3 26. Bf1 Nb6 27. Kh2 Be4 28. Rad1 Nd5 29. g3 Nxf4 30. gxf4 c4 31. Rd2 h5 32. d7 Rd8 33. Rd6 Kf7 34. Red1 Bd5 35. Rxa6 Rxd7 36. Rd2 h4 37. Rb6 Bc6 38. Rd6 Rxd6 39. exd6 Bd7 40. Bg2 Rg3 41. Rb7 Ke8 42. Bf1 Rf3 43. Kg1 e5 44. fxe5 Re3 45. a4 bxa4 46. Bxc4 Rxe5 47. Rb8+ Bc8 48. Rxc8+ Kd7 49. Rc7+ Kxd6 50. Rxg7 Rc5 51. Rg6+ Ke5 52. Bf1 Rd5 53. Ra6 Rd4 54. Bb5 Rd1+ 55. Kf2 Rd2+ 56. Ke3 Rxb2 57. Bxa4 Rh2 58. Ra5+ Kf6 59. Bd7 Rxh3+ 60. Kf4 Rh1 61. Ra6+ Kg7 62. Bxf5 h3 63. Kg3 h2 64. Kg2 Rf1 65. Rg6+ Kf7 66. Kxh2 Rxf5 67. Ra6 1/2-1/2

[Event "KUW-ch First Stage"]
[Site "Kuwait"]
[Date "2017.12.13"]
[Round "4.8"]
[White "Alotaibi, Khaled"]
[Black "Al Azmi, Nawaf"]
[Result "0-1"]
[WhiteElo "1373"]
[BlackElo "1672"]
[PlyCount "53"]
[EventDate "2017.12.09"]
[EventType "swiss"]
[EventRounds "9"]
[EventCountry "KUW"]
[SourceTitle "EXT 2024"]
[Source "ChessBase"]
[SourceDate "2023.10.10"]
[SourceVersion "1"]
[SourceVersionDate "2023.10.10"]
[SourceQuality "1"]

1. d4 Nf6 2. Nf3 e6 3. c4 d5 4. Bg5 a6 5. cxd5 exd5 6. e3 c6 7. Nc3 h6 8. Bh4 Be7 9. Bd3 Bg4 10. Qb3 b5 11. Ne5 Qc8 12. Rc1 Qe6 13. Qc2 c5 14. Nxb5 axb5 15. Bxf6 gxf6 16. Bxb5+ Kf8 17. Nf3 c4 18. b3 Ba3 19. Ra1 Bb4+ 20. Nd2 Bf5 21. Qd1 c3 22. 0-0 cxd2 23. a3 Bc3 24. Ra2 Qb6 25. a4 Na6 26. Qh5 Qe6 27. Rc2 0-1

[Event "KUW-ch 1st Stage"]
[Site "Kuwait"]
[Date "2017.01.12"]
[Round "1"]
[White "Al Hamlan, Faisal"]
[Black "Al Azmi, Nawaf"]
[Result "1-0"]
[WhiteElo "1962"]
[BlackElo "1671"]
[PlyCount "75"]
[EventDate "2017.01.12"]
[EventType "swiss"]
[EventRounds "9"]
[EventCountry "KUW"]
[SourceTitle "CBM 176 Extra"]
[Source "ChessBase"]
[SourceDate "2017.03.02"]
[SourceVersion "1"]
[SourceVersionDate "2017.03.02"]
[SourceQuality "1"]

1. e4 e5 2. Nf3 Nc6 3. Bc4 Nf6 4. Ng5 d5 5. exd5 Na5 6. Bb5+ c6 7. dxc6 bxc6 8. Be2 h6 9. Nf3 e4 10. Ne5 Bd6 11. d4 exd3 12. Nxd3 0-0 13. 0-0 Qc7 14. h3 Nd5 15. Nd2 Re8 16. c4 Nf4 17. Nxf4 Bxf4 18. Nf3 Bf5 19. Re1 Rad8 20. Bxf4 Qxf4 21. Qa4 Qc7 22. b4 Nb7 23. Qxa7 Ra8 24. Qd4 Re4 25. Qc3 Nd6 26. a4 Qe7 27. Bd3 Rxe1+ 28. Rxe1 Qb7 29. Bxf5 Nxf5 30. a5 Rb8 31. Rb1 c5 32. Qe5 Qc8 33. b5 g6 34. Rd1 Ng7 35. a6 Ne6 36. Qf6 Rb6 37. Ne5 Qc7 38. Rd7 1-0

[Event "Kuwait U1700"]
[Site "Kuwait"]
[Date "2016.10.29"]
[Round "2.1"]
[White "Alrashidi, Yousef"]
[Black "Al Azmi, Nawaf"]
[Result "0-1"]
[WhiteElo "1548"]
[BlackElo "1585"]
[PlyCount "72"]
[EventDate "2016.10.28"]
[EventType "tourn"]
[EventRounds "7"]
[EventCountry "KUW"]
[SourceTitle "EXT 2024"]
[Source "ChessBase"]
[SourceDate "2023.10.10"]
[SourceVersion "1"]
[SourceVersionDate "2023.10.10"]
[SourceQuality "1"]

1. e4 e5 2. Nf3 Nc6 3. Bb5 a6 4. Ba4 Nf6 5. 0-0 b5 6. Bb3 Be7 7. d3 d6 8. h3 Na5 9. Bd2 Nxb3 10. axb3 c5 11. Ba5 Qd7 12. b4 Qe6 13. Ng5 Qd7 14. Nd2 0-0 15. c4 Bb7 16. b3 h6 17. Ngf3 Qe6 18. Re1 Nh5 19. Nf1 Qg6 20. bxc5 Nf4 21. Ng3 h5 22. cxd6 Bxd6 23. Bc3 Bc5 24. d4 exd4 25. Bxd4 Rad8 26. h4 Ne6 27. Nf5 Nxd4 28. N3xd4 Rfe8 29. f3 Bxd4+ 30. Nxd4 Qb6 31. Kh1 Rxd4 32. Qc2 Red8 33. c5 Qg6 34. Rad1 Qf6 35. Rxd4 Qxh4+ 36. Kg1 Qxe1+ 0-1